000 01993cam a22004694i 4500
003 PE-LiUPU
005 20250731172916.0
008 150617s r 000 0 d
020 _a842541489X
035 _a(Sirsi) i9788425414893
040 _aPE-LiUPU
_bspa
_cPE-LiUPU
_erda
049 _aPRUA
082 0 4 _a253.2
_bC73
_221
100 1 _aTeresa de Calcuta,
_d1910-1997,
_eautor.
245 1 0 _aVía Crucis /
_cMadre Teresa de Calcuta, Hermano Roger, de Taizé.
264 1 _aBarcelona :
_bEditorial Herder,
_c1986.
300 _a150 páginas Foto ;
_c15 centímetros
336 _atext
_2rdacontent
337 _aunmediated
_2rdamedia
338 _avolume
_2rdacarrier
505 0 _aJesús es condenado a muerte -- Jesús co la cruz a cuestas -- Jesús cae por primera vez -- Encuentro de Jesús co su madre -- Simón de Cirene ayuda a Jesús a llevar la cruz -- La Verónica enjuga el rostro de Jesús -- Jesús cae por segunda vez -- Jesús consuela a las piadosas mujeres de Jerusalén -- Jesús cae por tercera vez -- Jesús es despojado de sus vestiduras -- Jesús es clavado en la cruz -- Jesús muere en la cruz -- Jesús es bajado de la cruz y puesto en brazos de su madre -- Jesús es puesto en el sepulcro.
526 _aSEG42
526 _aSEG41
526 _aSEG40
526 _aSEG39
526 _aP94
526 _aP87
526 _aP86
526 _aP85
526 _aP77
526 _aP76
526 _aP35
650 0 4 _aVía crucis.
700 1 _aRoger , frère,
_d1915-2005,
_eautor.
910 _ajck
_bjvq
_cjck
_d20150616
942 _2ddc
_cBOOK
949 _a253.2 C73
_wDEWEY
_c1
_i27615
_lCCODEBUL1
_mBUL
_r0
_sY
_tBOOK
_u2015-4-22
_xTEOLOGIA
_PP35
_0COMPRA
_o.STAFF. Colección General
994 _aC0
_bPEPRU
596 _a1
999 _a253.2 C73
_wDEWEY
_c18635
_i27615
_f2021-11-12
_g5
_lCCODEBUL1
_mBUL
_r0
_sY
_tBOOK
_u2015-4-22
_xTEOLOGIA
_PP35
_0COMPRA
_o.STAFF. Colección General
_d18635
980 _81
_gALBERTO SANCHEZ Responsable de Automatización